Autism Awareness Month #5 - Top 10 states by Autistic population - Statistics

General Stats
  • This quiz has been taken 10 times
  • The average score is 9 of 10
Answer Stats
State Population on the Spectrum % Correct
California 419158
100%
Florida 220543
100%
Michigan 103454
100%
New York 210275
100%
Georgia 110375
89%
Illinois 132764
89%
North Carolina 107410
89%
Ohio 121022
89%
Texas 308546
89%
Pennsylvania 199604
67%
No matching quizzes found
Score Distribution
Percent of People with Each Score
Percentile by Number Answered
Your Score History
You have not taken this quiz